<?xml version="1.0" encoding="UTF-8"?>
<marc:record xmlns:marc="http://www.loc.gov/MARC21/slim">
   <marc:leader>00000nam a2200000 a 4500</marc:leader>
   <marc:datafield ind1="1" ind2=" " tag="100">
      <marc:subfield code="a">McAllister Angela</marc:subfield>
      <marc:subfield code="4">aut</marc:subfield>
      <marc:subfield code="e">Verfasser/-in</marc:subfield>
   </marc:datafield>
   <marc:datafield ind1=" " ind2=" " tag="653">
      <marc:subfield code="a">Kinderbuch</marc:subfield>
   </marc:datafield>
   <marc:datafield ind1="0" ind2="0" tag="245">
      <marc:subfield code="a">Veľká kniha rozprávok o prírode zo všetkých kútov sveta</marc:subfield>
   </marc:datafield>
   <marc:datafield ind1="0" ind2="0" tag="245">
      <marc:subfield code="b">Kinderbuch</marc:subfield>
   </marc:datafield>
   <marc:datafield ind1="0" ind2="0" tag="245">
      <marc:subfield code="c">McAllister Angela</marc:subfield>
   </marc:datafield>
   <marc:datafield ind1=" " ind2="1" tag="264">
      <marc:subfield code="a">Bratislava</marc:subfield>
      <marc:subfield code="b">Slovart, spol.s.r.o.</marc:subfield>
      <marc:subfield code="c">2025</marc:subfield>
   </marc:datafield>
   <marc:datafield ind1=" " ind2=" " tag="250">
      <marc:subfield code="a">Prvé vydanie</marc:subfield>
   </marc:datafield>
   <marc:datafield ind1="1" ind2=" " tag="520">
      <marc:subfield code="a">Veľká kniha rozprávok o prírode pozýva detských čitateľov na čarovnú cestu do päťdesiatich krajín zo všetkých kútov sveta. Bohato ilustrovaná kolekcia príbehov kombinuje ľudové rozprávky, mýty a legendy, ktoré spája všadeprítomný motív prírody. Voda, vietor, dážď, majestátne pohoria a striedajúce sa ročné obdobia približujú krásu a rôznorodosť našej planéty. Nechajte sa očariť španielskou rozprávkou o nežnej kráľovnej kvetov, začítajte sa do príbehu o dračom jazierku z ďalekej Číny a vychutnajte si dobre známu rozprávku O dvanástich mesiačikoch.&#xD;
Táto pestrofarebná knižka poteší malých i veľkých čitateľov a všetkých milovníkov prírody.</marc:subfield>
   </marc:datafield>
   <marc:datafield ind1=" " ind2=" " tag="020">
      <marc:subfield code="a">9788055667614</marc:subfield>
      <marc:subfield code="9">9788055667614</marc:subfield>
   </marc:datafield>
   <marc:datafield ind1=" " ind2=" " tag="338">
      <marc:subfield code="a">Band</marc:subfield>
   </marc:datafield>
   <marc:datafield ind1=" " ind2=" " tag="300">
      <marc:subfield code="a">128 Seiten</marc:subfield>
   </marc:datafield>
</marc:record>
